000 00521nam a2200181Ia 4500
008 131103s9999 xx 000 0 und d
040 _aLoreto College
041 _aEnglish
082 _a813.54/813.5408/VON
_bLCLIB/22233,23790
100 _aVonnegut,Kurt
245 _aBreakfast of champions,Goodbye blue Monday
_cKurt Vonnegut
260 _aNew York
_bDell Publishing
_cc 1973
300 _a294 p.
_c 17 cm.
650 _aBreakfast of champions
651 _aGoodbye Blue Monday
850 _aLCLIB
942 _cBK
999 _c12088
_d62567